Muʻjam al-maṭbūʻāt al-ʻArabīyah wa-al-muʻarrabah : wa-huwa shāmil li-asmāʾ al-kutub al-maṭbūʿah fī al-aqṭār al-sharqīyah wa al-gharbīyah, maʿa dhikr asmāʾ muʾallifīhā wa-lumʿah min tarjamatihim wa- dhalika min yawm ẓuhūr al-ṭibāʿah ilá nihāyat al-sanah al-hijrīyah 1339 al-muwāfiqah li-sanat 1919 mīlādīyah /
Main Author:
Format: Book
Language: Arabic
Published:
Misr :
Maṭbaʻat SirKīs,
1928-1930.
Subjects:
Tags: Add Tag
Call Number: ( F )Z3026 .S28 v.1-2
| LEADER | 02439nam a2200253Ia 4500 | ||
|---|---|---|---|
| 003 | OSt | ||
| 005 | 20240423081120.0 | ||
| 008 | 130303m19281930ua d 000 0 ara d | ||
| 952 | |0 0 |1 0 |2 lcc |3 V.2 |4 0 |7 1 |9 29807 |a ARCE |b ARCE |d 2022-01-25 |l 0 |o ( F )Z3026 .S28 v.1-2 |p 1029746 |r 2022-01-25 00:00:00 |w 2022-01-25 |y BK | ||
| 952 | |0 0 |1 0 |2 lcc |3 V.1 |4 0 |7 1 |9 62673 |a ARCE |b ARCE |d 2024-02-22 |l 0 |o ( F )Z3026 .S28 v.1-2 |p 1027895 |r 2024-02-22 00:00:00 |w 2024-02-22 |y BK | ||
| 999 | |c 28117 |d 28117 | ||
| 010 | |a 41039991 | ||
| 040 | |c ARCE Library | ||
| 050 | 4 | |a ( F )Z3026 .S28 v.1-2 | |
| 100 | 1 | |6 880-01 |a Sarkīs, Yūsuf Ilyān, |d 1856-1932 or 1933, |e author | |
| 245 | 1 | 0 | |6 880-02 |a Muʻjam al-maṭbūʻāt al-ʻArabīyah wa-al-muʻarrabah : |b wa-huwa shāmil li-asmāʾ al-kutub al-maṭbūʿah fī al-aqṭār al-sharqīyah wa al-gharbīyah, maʿa dhikr asmāʾ muʾallifīhā wa-lumʿah min tarjamatihim wa- dhalika min yawm ẓuhūr al-ṭibāʿah ilá nihāyat al-sanah al-hijrīyah 1339 al-muwāfiqah li-sanat 1919 mīlādīyah / |c jamaʿahu wa-rattabahu Yūsuf Ilyān Sarkīs. |
| 264 | 1 | |a Misr : |b Maṭbaʻat SirKīs, |c 1928-1930. | |
| 300 | |a 2 volumes (4 pages, 2024 columns, 152, 18 pages) ; |c 32 cm. | ||
| 500 | |a Cover title : Dictionnaire encyclopédique de bibliographie arabe, comprenant 1 le nom de tous les oubrages imprimés, tant en Orient quʾen Occident et en Amérique, depuis la création de lʾimprimerie jusquʾá 1919 inclusivement ; 2 une biogrpahie succincte de la plupart des auteurs anciens et modernes ; 3 les sources des notes bigrapihques. | ||
| 650 | 0 | |a Arabic literature |v Bio-bibliography. | |
| 880 | 1 | |6 100-01/(3/r |a سركيس، يوسف اليان |d 1856-1932 أو 1933. | |
| 880 | 1 | 0 | |6 245-02/(3/r |a معجم المطبوعات العربية و المعربة : |b وهو شامل لأسماء الكتب المطبوعة في الأقطار الشرقية والغربية, مع ذكر أسماء مؤلفها و لمعة من ترجمتهم و ذلك من يوم ظهور الطباعة إلى نهاية السنة الهجرية 1339 الموافقة لسنة 1919 ميلادية |c جمعه و رتبه يوسف إليان سركيس. |
| 901 | |a reviewed | ||
| 942 | |c BK |2 lcc | ||
